|
|
|
|
| LEADER |
00000cam a2200000 a 4500 |
| 001 |
vtls008311880 |
| 003 |
SK-MaSNL |
| 005 |
20260425223515.0 |
| 008 |
230403s1958 xo oablgrn 001 0 slo |
| 015 |
|
|
|a SNBA1959/02-00230
|
| 020 |
|
|
|q (viazané)
|
| 035 |
|
|
|a SK01SNK19590004097
|
| 035 |
|
|
|a urn:nbn:sk:snk-am3ign9
|
| 035 |
|
|
|a A1D7CC4E-0105-45E0-89B6-C326DBED4ABD
|
| 035 |
|
|
|a urn:nbn:sk:snk-am00edby
|
| 035 |
|
|
|a SKM000006560
|
| 040 |
|
|
|a SNK
|b slo
|c SNK
|e AACR2
|
| 041 |
0 |
|
|a slo
|b eng
|b fre
|b ger
|b rus
|
| 043 |
|
|
|a e-xo---
|
| 044 |
|
|
|a xo
|c SK
|a xr
|c CZ
|
| 072 |
|
7 |
|a 902
|x Archeológia
|2 konspekt
|
| 080 |
|
|
|a 902:904
|2 2011
|
| 080 |
|
|
|a 737.1
|2 2011
|
| 080 |
|
|
|a 737.14
|2 2011
|
| 080 |
|
|
|a (437.611)
|2 2011
|
| 080 |
|
|
|a (048.8)
|2 2011
|
| 100 |
1 |
|
|a Ondrouch, Vojtech,
|d 1891-1963
|4 aut
|
| 245 |
1 |
0 |
|a Keltské mince typu Biatec z Bratislavy
|b poklad veľkých strieborných mincí z roku 1942
|c Vojtech Ondrouch
|
| 260 |
|
|
|a Bratislava
|b Slovenská akadémia vied
|c 1958
|e Brno
|f Tisk
|
| 300 |
|
|
|a 207 strán, LXI a 27 strán obrazových príloh, 2 nečíslované strany obrazových príloh
|b fotografie, ilustrácie, mapy, tabuľky
|c 25 cm
|
| 366 |
|
|
|e 1650 kusov
|
| 490 |
1 |
|
|a Archaeologica et historica Bratislaviensia monographiae
|v Tomus 1
|
| 504 |
|
|
|a Obsahuje bibliografické odkazy a poznámky ; register
|
| 546 |
|
|
|a Anglické, francúzske, nemecké a ruské resumé
|
| 650 |
0 |
7 |
|a archeologické nálezy
|2 SNKPH
|9 4975
|
| 650 |
0 |
7 |
|a staroveké mince
|2 SNKPH
|9 3059
|
| 650 |
0 |
7 |
|a keltské mince
|2 SNKPH
|9 54575
|
| 650 |
0 |
7 |
|a mincovníctvo
|2 SNKPH
|9 30122
|
| 650 |
0 |
7 |
|a keltské oppidá
|2 SNKPH
|9 117011
|
| 650 |
0 |
7 |
|a Bójovia
|2 SNKPH
|9 342476
|
| 650 |
0 |
7 |
|a Antiquities
|2 SNKPHeng
|9 101106
|
| 650 |
0 |
7 |
|a Ancient coins
|2 SNKPHeng
|9 342477
|
| 650 |
0 |
7 |
|a Celtic coins
|2 SNKPHeng
|9 342478
|
| 650 |
0 |
7 |
|a Coinage
|2 SNKPHeng
|9 274585
|
| 650 |
0 |
7 |
|a Celtic oppida
|2 SNKPHeng
|9 342479
|
| 651 |
|
7 |
|a Bratislava (Slovensko)
|2 SNKPHgeo
|9 14568
|
| 651 |
|
7 |
|a Bratislava (Slovakia)
|2 SNKPHeng
|9 171234
|
| 655 |
|
7 |
|a monografie
|2 SNKPH
|9 70139
|
| 655 |
|
7 |
|a Monographs
|2 SNKPHeng
|9 120675
|
| 830 |
|
0 |
|a Archaeologica et historica Bratislaviensia monographiae
|9 342480
|
| 852 |
|
|
|a Slovenská národná knižnica
|
| 954 |
|
|
|a odborná, vedecká literatúra pôvodná (slovenská)
|2 lita
|
| 958 |
|
|
|a OND
|
| 958 |
|
|
|a TL
|
| 958 |
|
|
|a NB
|
| 958 |
|
|
|a RK
|
| 958 |
|
|
|a SK
|
| 958 |
|
|
|a EUIPO
|
| 999 |
|
|
|c 587737
|d 589667
|
| 952 |
|
|
|t P60, <04>, [BOOK], {604}
|a SNK
|b SNK
|y VYP
|7 0
|p 17A0039029
|o snkSC 12305 D1
|0 0
|1 0
|4 0
|d 1997-02-19
|l 0
|r 2005-01-02 00:00:00
|w 2026-02-23
|
| 952 |
|
|
|a SNK
|b SNK
|y PREZ
|7 0
|p 17A0825357
|o snkSC 12305
|i snkKSP 3635/58
|0 0
|1 0
|4 0
|d 2012-08-23
|f 1
|l 0
|r 2025-07-16 00:00:00
|w 2026-02-23
|